[Event "28th WSCC2018 - Open 50+"]
[Site "Bled"]
[Date "2018.11.23"]
[Round "6.28"]
[White "Chan, Peng Kong"]
[Black "Phillips, Owen S"]
[Result "1-0"]
[WhiteElo "2169"]
[BlackElo "1894"]
[PlyCount "73"]
[EventDate "2018.11.18"]

1. c4 e5 2. g3 Nc6 3. Nc3 Bc5 4. Bg2 a6 5. e3 Nge7 6. Nge2 Nf5 7. a3 d6 8. b4
Ba7 9. Qc2 Rb8 10. Bb2 Bd7 11. Rd1 O-O 12. O-O g6 13. Nd5 f6 14. d4 Nce7 15.
Rd2 c6 16. Ndc3 Qc8 17. Rfd1 exd4 18. exd4 b5 19. cxb5 axb5 20. Qb3+ d5 21. Ne4
Be6 22. Nc5 Bf7 23. Nf4 g5 24. Nfd3 Nd6 25. Re1 Ng6 26. Rde2 Nc4 27. Bc1 Ra8
28. Qc3 Bb8 29. Ne6 Bxe6 30. Rxe6 Nce5 31. Nc5 Nc4 32. Qf3 Kg7 33. Bh3 Kg8 34.
Rxf6 Qxh3 35. Rxf8+ Nxf8 36. Re8 Bxg3 37. Qxf8# 1-0

[Event "28th WSCC2018 - Open 50+1"]
[Site "Bled"]
[Date "2018.11.23"]
[Round "6.29"]
[White "Povse, Martin"]
[Black "Kranzl, Peter"]
[Result "0-1"]
[WhiteElo "2014"]
[BlackElo "2163"]
[PlyCount "62"]
[EventDate "2018.11.18"]

1. c4 Nf6 2. Nc3 g6 3. g3 Bg7 4. Bg2 O-O 5. e4 d6 6. Nge2 c5 7. O-O Nc6 8. h3
Ne8 9. d3 Nc7 10. Be3 Ne6 11. g4 Rb8 12. f4 Ned4 13. f5 b5 14. b3 b4 15. f6
Nxe2+ 16. Nxe2 Bxf6 17. Rc1 Bg7 18. Qd2 Bd7 19. Rf2 a5 20. d4 Nxd4 21. Nxd4
Bxd4 22. Bxd4 cxd4 23. Qxd4 Be6 24. e5 Qc7 25. exd6 exd6 26. Rd1 Rb6 27. Qf4 a4
28. Bd5 Bxd5 29. Rxd5 axb3 30. axb3 Qe7 31. Kg2 Rc8 {(48)} 0-1

[Event "28th WSCC2018 - Open 50+1"]
[Site "Bled"]
[Date "2018.11.23"]
[Round "6.30"]
[White "Bennett, Hilton"]
[Black "Gavrish, Leonid"]
[Result "1-0"]
[WhiteElo "1929"]
[BlackElo "2144"]
[PlyCount "87"]
[EventDate "2018.11.18"]

1. e4 d6 2. Nc3 Nf6 3. f4 g6 4. Nf3 Bg7 5. Bc4 Nxe4 6. Nxe4 d5 7. Bd3 dxe4 8.
Bxe4 O-O 9. c3 Nd7 10. d4 c5 11. O-O Nf6 12. Bc2 cxd4 13. Nxd4 Qb6 14. Kh1 Bg4
15. Qe1 Rfe8 16. f5 e5 17. Nb3 a5 18. fxg6 hxg6 19. Be3 Qc6 20. Qh4 Nd5 21. Be4
f5 22. Bg5 Be2 23. Rfe1 Bh5 24. Bxf5 gxf5 25. Qxh5 a4 26. Nd2 a3 27. bxa3 Nxc3
28. Rac1 e4 29. Re3 Rac8 30. Rh3 Qe6 31. Rf1 Rc5 32. Nb3 Rd5 33. Qh7+ Kf8 34.
Rxc3 Bxc3 35. Bh6+ Qxh6 36. Qxh6+ Bg7 37. Qg6 Ree5 38. g4 e3 39. Nc1 e2 40.
Nxe2 Rxe2 41. Rxf5+ Rxf5 42. Qxf5+ Kg8 43. Qd5+ Kh8 44. Qd8+ 1-0

[Event "28th WSCC2018 - Open 50+1"]
[Site "Bled"]
[Date "2018.11.23"]
[Round "6.31"]
[White "Gilbert, Michael A"]
[Black "Kolesar, Milan"]
[Result "0-1"]
[WhiteElo "1921"]
[BlackElo "2198"]
[PlyCount "104"]
[EventDate "2018.11.18"]

1. d4 d5 2. Nf3 Nf6 3. Bg5 Ne4 4. Bh4 c5 5. dxc5 Nc6 6. e3 g6 7. Nbd2 Nxc5 8.
Be2 Bg7 9. c3 O-O 10. O-O a6 11. Nd4 Re8 12. b4 Ne6 13. Qb3 Qd6 14. a3 Nexd4
15. cxd4 Bf5 16. Bg3 Qd7 17. Rac1 e5 18. dxe5 Nxe5 19. Nf3 Nc6 20. Rfd1 Rad8
21. b5 axb5 22. Bxb5 Bg4 23. Rc5 d4 24. Bh4 Bxf3 25. gxf3 Rc8 26. Bg3 Qe7 27.
Bxc6 bxc6 28. exd4 Bxd4 29. Rc4 c5 30. Qc2 Ra8 31. a4 h5 32. h4 Qe2 33. Qxe2
Rxe2 34. Rb1 Ra2 35. Rb8+ Rxb8 36. Bxb8 Bxf2+ 37. Kf1 Bd4 38. Bd6 Rf2+ 39. Ke1
Rxf3 40. a5 Re3+ 41. Kd2 Ra3 42. Bxc5 Bxc5 43. Rxc5 Kg7 44. Kc2 Ra4 45. Kb3
Rxh4 46. Rc4 Rh1 47. Ra4 Rb1+ 48. Kc2 Rb8 49. a6 Kf6 50. Kd3 Ke5 51. Ke3 Ra8
52. a7 Kd5 0-1

[Event "28th WSCC2018 - Open 50+1"]
[Site "Bled"]
[Date "2018.11.23"]
[Round "6.32"]
[White "Neubauer, Anton"]
[Black "Cmiel, Thorsten"]
[Result "0-1"]
[WhiteElo "1913"]
[BlackElo "2122"]
[PlyCount "72"]
[EventDate "2018.11.18"]

1. e4 c6 2. d4 d5 3. e5 c5 4. Nf3 Nc6 5. c4 cxd4 6. cxd5 Qxd5 7. Nc3 Qa5 8.
Nxd4 Qxe5+ 9. Be3 Bd7 10. Nf3 Qa5 11. Bc4 Nf6 12. O-O e6 13. Bg5 Ne5 14. Nxe5
Qxe5 15. Bxf6 gxf6 16. Re1 Qc5 17. Qb3 Qb4 18. Nd5 Qxb3 19. Bxb3 O-O-O 20. Nxf6
Bc6 21. Nh5 Rd2 22. Rac1 Rxb2 23. Rc2 Rxc2 24. Bxc2 Bc5 25. Nf6 h6 26. Ne4 Be7
27. Ng3 Rd8 28. Nf1 Rd4 29. h3 a5 30. Ne3 Bb4 31. Rd1 Rxd1+ 32. Bxd1 b5 33. Ng4
a4 34. Ne5 Bd5 35. Nd3 Bd6 36. Nc1 Ba3 0-1

[Event "28th WSCC2018 - Open 50+1"]
[Site "Bled"]
[Date "2018.11.23"]
[Round "6.33"]
[White "Belmont Hernandez, Andres"]
[Black "Zillner, Wilhelm"]
[Result "1-0"]
[WhiteElo "2080"]
[BlackElo "1902"]
[PlyCount "41"]
[EventDate "2018.11.18"]

1. e4 c5 2. Nf3 Nc6 3. Bb5 d6 4. O-O Bd7 5. Re1 e5 6. c3 Qb6 7. a4 Nf6 8. Na3
a6 9. Bf1 Be7 10. Nc4 Qc7 11. h3 O-O 12. a5 Rad8 13. d4 cxd4 14. cxd4 Nxe4 15.
d5 Nxf2 16. Kxf2 Nb4 17. Be3 Nxd5 18. Qxd5 Be6 19. Qd3 Rc8 20. Nb6 d5 21. Rec1
1-0

[Event "28th WSCC2018 - Open 50+1"]
[Site "Bled"]
[Date "2018.11.23"]
[Round "6.34"]
[White "Smith, Peter R"]
[Black "Bulgarini Torre, Marco"]
[Result "0-1"]
[WhiteElo "2049"]
[BlackElo "1863"]
[PlyCount "80"]
[EventDate "2018.11.18"]

1. Nf3 d5 2. b3 c5 3. Bb2 Nc6 4. e3 Nf6 5. Bb5 Bg4 6. Bxc6+ bxc6 7. h3 Bh5 8.
g4 Bg6 9. Ne5 Qc7 10. d3 e6 11. Nd2 Nd7 12. Nxd7 Qxd7 13. e4 h5 14. Qf3 hxg4
15. hxg4 Rxh1+ 16. Qxh1 f6 17. O-O-O O-O-O 18. f4 Bd6 19. e5 Be7 20. Qh2 Rf8
21. Rh1 Bd8 22. Qg3 Ba5 23. Nf3 Qb7 24. exf6 gxf6 25. Rh6 Qg7 26. Qh4 Bc7 27.
g5 d4 28. gxf6 Rxf6 29. Ne5 Bxe5 30. fxe5 Rf1+ 31. Kd2 Bf5 32. Rh8+ Kb7 33.
Bxd4 cxd4 34. Qxd4 Qxh8 35. Qd7+ Kb6 36. Qd4+ Ka6 37. Qc4+ Kb7 38. Qb4+ Ka8 39.
Ke2 Rh1 40. Qc5 Qh2+ 0-1

[Event "28th WSCC2018 - Open 50+1"]
[Site "Bled"]
[Date "2018.11.23"]
[Round "6.35"]
[White "Ring, Rudolf"]
[Black "Malinovsky, Petr"]
[Result "0-1"]
[WhiteElo "1745"]
[BlackElo "2048"]
[PlyCount "78"]
[EventDate "2018.11.18"]

1. e4 c5 2. Nf3 g6 3. Nc3 Nc6 4. b3 Bg7 5. Bb2 e5 6. Be2 Nge7 7. O-O O-O 8. h3
d6 9. Ng5 h6 10. Nf3 Be6 11. Nh2 f5 12. d3 Qd7 13. a3 Rad8 14. Qe1 Nd4 15. Bd1
Kh7 16. Kh1 d5 17. Nf3 fxe4 18. dxe4 Nxf3 19. Bxf3 d4 20. Ne2 Bxh3 21. Ng1 Be6
22. Bc1 Rf7 23. g3 Rdf8 24. Bg2 c4 25. Rb1 c3 26. f3 Nc6 27. Qe2 Na5 28. a4 Rd8
29. Qd3 Nc6 30. Ba3 Bf8 31. Bxf8 Rdxf8 32. b4 Ne7 33. b5 Nc8 34. Rfd1 Nb6 35.
Rb4 Qe7 36. Rdb1 Qc5 37. Bf1 Rc8 38. a5 Nc4 39. Ra4 Nb2 0-1

[Event "28th WSCC2018 - Open 50+"]
[Site "Bled"]
[Date "2018.11.23"]
[Round "6.36"]
[White "Kainz, Josef"]
[Black "Theuer, Carsten"]
[Result "1-0"]
[WhiteElo "1907"]
[BlackElo "1989"]
[PlyCount "75"]
[EventDate "2018.11.18"]

1. d4 Nf6 2. c4 g6 3. g3 Bg7 4. Bg2 d6 5. Nc3 Nbd7 6. e4 O-O 7. Nge2 c5 8. O-O
a6 9. d5 Rb8 10. a4 Nb6 11. Qd3 Nfd7 12. f4 Nf6 13. b3 Bg4 14. Ra2 Qc8 15. a5
Nbd7 16. h3 Bxe2 17. Qxe2 Re8 18. Qd3 Qc7 19. g4 b6 20. g5 Nh5 21. e5 dxe5 22.
f5 Nf4 23. Bxf4 exf4 24. fxg6 fxg6 25. Ne4 Bd4+ 26. Kh1 bxa5 27. h4 Rf8 28. Qh3
Qb6 29. Qxd7 Qxb3 30. Raf2 Bxf2 31. Rxf2 Rf7 32. d6 e5 33. Qe6 Qd1+ 34. Rf1 Qd4
35. d7 Rbf8 36. Nd6 f3 37. Rxf3 Qxh4+ 38. Bh3 1-0

[Event "28th WSCC2018 - Open 50+1"]
[Site "Bled"]
[Date "2018.11.23"]
[Round "6.37"]
[White "Spiess, Thomas"]
[Black "Marcos Herrero, Francisco"]
[Result "1/2-1/2"]
[WhiteElo "1975"]
[BlackElo "1889"]
[PlyCount "60"]
[EventDate "2018.11.18"]

1. Nf3 c5 2. c4 Nc6 3. d4 cxd4 4. Nxd4 g6 5. e4 Bg7 6. Be3 Nf6 7. Nc3 d6 8. f3
O-O 9. Qd2 Bd7 10. O-O-O Nxd4 11. Bxd4 a6 12. Kb1 b5 13. cxb5 axb5 14. Bxb5 Qa5
15. Bxf6 Bxb5 16. Bxg7 Kxg7 17. b3 Rfb8 18. Nxb5 Qxb5 19. Qb2+ f6 20. Rd5 Qb6
21. h4 h6 22. Rhd1 Rb7 23. g4 Rba7 24. a4 Qe3 25. R5d3 Qc5 26. Rc1 Qb6 27. g5
Rb7 28. gxf6+ exf6 29. Rc4 Qg1+ 30. Ka2 Qg3 {(54)} 1/2-1/2

[Event "28th WSCC2018 - Open 50+1"]
[Site "Bled"]
[Date "2018.11.23"]
[Round "6.39"]
[White "Bouton, Christophe"]
[Black "Severcan, Sedat Sabri"]
[Result "0-1"]
[WhiteElo "1963"]
[BlackElo "1883"]
[PlyCount "89"]
[EventDate "2018.11.18"]

1. c4 e6 2. Nf3 d5 3. d4 Nf6 4. g3 Bb4+ 5. Bd2 c5 6. Bg2 O-O 7. Bxb4 cxb4 8.
Nbd2 Nc6 9. O-O Bd7 10. Re1 Qb6 11. c5 Qc7 12. e4 dxe4 13. Nxe4 Nxe4 14. Rxe4
Rad8 15. Re2 Ne7 16. a3 bxa3 17. Rxa3 a5 18. Rd2 Bc6 19. Ne5 Bxg2 20. Kxg2 f6
21. Nc4 e5 22. Nd6 Nc6 23. dxe5 Nxe5 24. Qb3+ Kh8 25. Qd5 g6 26. Rb3 Qe7 27.
Rxb7 Rd7 28. Rxd7 Qxd7 29. Ne4 Qg4 30. Nc3 Kg7 31. h3 Qc8 32. Na4 Nf7 33. Nb6
Qc7 34. b4 Rd8 35. Nd7 Ne5 36. c6 Qxc6 37. Qxc6 Nxc6 38. Rd6 Nxb4 39. Nxf6 Rxd6
40. Ne8+ Kf7 41. Nxd6+ Ke6 42. Nc4 Nc6 43. Kf3 Kd5 44. Nb2 Kd4 45. Kg4 {(50)}
0-1

[Event "28th WSCC2018 - Open 50+1"]
[Site "Bled"]
[Date "2018.11.23"]
[Round "6.40"]
[White "Zimmermann, Curt"]
[Black "Buciu, Aurel-John"]
[Result "1-0"]
[WhiteElo "1943"]
[BlackElo "1687"]
[PlyCount "97"]
[EventDate "2018.11.18"]

1. d4 d5 2. c4 c6 3. Nf3 Nf6 4. Nc3 Bf5 5. Qb3 b6 6. Bf4 e6 7. e3 Be7 8. h3 h6
9. Be2 O-O 10. Ne5 Ne4 11. O-O Nd2 12. Qa4 Nxf1 13. Rxf1 c5 14. g4 cxd4 15.
exd4 Bh7 16. cxd5 f6 17. Nc4 exd5 18. Ne3 Bd6 19. Ncxd5 Bxf4 20. Nxf4 Qd7 21.
Bb5 Qd6 22. Ne2 Be4 23. d5 Bg6 24. Nc3 a6 25. Be2 Be8 26. Qb3 Nd7 27. Nf5 Qc5
28. Ne4 Qa5 29. Ned6 Nc5 30. Qc4 Qa4 31. b4 Nd7 32. Bd1 Qa3 33. Qd4 Ne5 34. Qe4
Bd7 35. Bb3 Ba4 36. Ne7+ Kh8 37. Bxa4 Qxa4 38. f4 Qd7 39. Ndf5 g6 40. fxe5 gxf5
41. Nxf5 Rae8 42. e6 Qc7 43. Qe3 h5 44. e7 Rf7 45. Qh6+ Kg8 46. Qg6+ Kh8 47.
Qxf7 Rxe7 48. Qf8+ Kh7 49. Qxe7+ 1-0

[Event "28th WSCC2018 - Open 50+1"]
[Site "Bled"]
[Date "2018.11.23"]
[Round "6.42"]
[White "Lopez Pereyra, Antonio"]
[Black "Muniraju, Narayanappa"]
[Result "1-0"]
[WhiteElo "2066"]
[BlackElo "1259"]
[PlyCount "65"]
[EventDate "2018.11.18"]

1. e4 c5 2. Nf3 Nf6 3. e5 Nd5 4. b3 e6 5. Bb2 Nc6 6. a3 Be7 7. c4 Nc7 8. Bd3 b6
9. Nc3 d6 10. exd6 Bxd6 11. Be4 Bd7 12. d4 O-O 13. dxc5 Be7 14. cxb6 axb6 15.
Qe2 Rb8 16. Rd1 Qc8 17. Bxh7+ Kxh7 18. Qd3+ Kg8 19. Qxd7 Qb7 20. Qd3 Bf6 21.
O-O Rfd8 22. Qc2 b5 23. Nxb5 Bxb2 24. Qxb2 Nxb5 25. cxb5 Qxb5 26. b4 Ra8 27.
Rc1 Ra6 28. Rc5 Qa4 29. b5 Rb8 30. Qe2 Nd4 31. Nxd4 Qxd4 32. Rc4 Qb6 33. bxa6
1-0

[Event "28th WSCC2018 - Open 50+1"]
[Site "Bled"]
[Date "2018.11.23"]
[Round "6.44"]
[White "De Meester, Johan"]
[Black "Melkevik, Johannes"]
[Result "0-1"]
[WhiteElo "1720"]
[BlackElo "1865"]
[PlyCount "66"]
[EventDate "2018.11.18"]

1. e4 e6 2. Nf3 d5 3. exd5 exd5 4. d4 Bd6 5. Bd3 Ne7 6. Nbd2 O-O 7. Nf1 Bf5 8.
Ng3 Bxd3 9. Qxd3 Nd7 10. Bg5 f6 11. Bd2 c6 12. O-O-O Re8 13. h4 Nf8 14. h5 Qd7
15. Ne2 Qf5 16. Qxf5 Nxf5 17. Nf4 Re4 18. g3 Bxf4 19. Bxf4 Ne6 20. Bd2 Nexd4
21. Nxd4 Nxd4 22. h6 g6 23. Be3 Nf5 24. Bf4 Rae8 25. f3 Re2 26. g4 Ne3 27. Rd2
Nc4 28. Rxe2 Rxe2 29. Kd1 Rf2 30. Re1 Nxb2+ 31. Kc1 Nc4 32. Re8+ Kf7 33. Rh8
Rf1# 0-1

[Event "28th WSCC2018 - Open 50+1"]
[Site "Bled"]
[Date "2018.11.23"]
[Round "6.45"]
[White "Dabraccio, Guillermo"]
[Black "Serafim Junior, Arnor"]
[Result "0-1"]
[WhiteElo "1686"]
[BlackElo "1845"]
[PlyCount "84"]
[EventDate "2018.11.18"]

1. Nf3 Nf6 2. b3 g6 3. Bb2 Bg7 4. d4 d6 5. e3 O-O 6. Be2 Nbd7 7. O-O Ne4 8.
Nbd2 Ndf6 9. Nxe4 Nxe4 10. Nd2 Nxd2 11. Qxd2 c5 12. c4 cxd4 13. exd4 Bf5 14.
Bf3 Rb8 15. d5 Bxb2 16. Qxb2 b5 17. Rac1 bxc4 18. Rxc4 Bd3 19. Be2 Bxc4 20.
Bxc4 Qc7 21. Qd2 a5 22. a4 Rb7 23. h4 h5 24. Qh6 Qc5 25. Re1 Qd4 26. g3 Rfb8
27. Qe3 Qxe3 28. Rxe3 Kg7 29. Kg2 Kh6 30. f4 Kg7 31. Kf3 Kf6 32. Kf2 Re8 33.
Kf3 e6 34. dxe6 fxe6 35. g4 hxg4+ 36. Kxg4 Rbe7 37. Bb5 Rc8 38. Rd3 d5 39. b4
axb4 40. Rb3 Rec7 41. Rxb4 Rc3 42. h5 gxh5+ 0-1

[Event "28th WSCC2018 - Open 50+1"]
[Site "Bled"]
[Date "2018.11.23"]
[Round "6.47"]
[White "Cesar, Geovanny"]
[Black "Horackova, Isabela"]
[Result "1-0"]
[WhiteElo "1862"]
[BlackElo "1125"]
[PlyCount "52"]
[EventDate "2018.11.18"]

1. d4 d5 2. c4 e6 3. Nc3 Nf6 4. Bg5 Be7 5. h3 O-O 6. c5 b6 7. b4 a6 8. e3 Bd7
9. Bd3 g6 10. Nf3 Re8 11. O-O Bf8 12. Ne5 Bg7 13. Ng4 Rf8 14. Qf3 Be8 15. Nxf6+
Kh8 16. Nxe8 Qxe8 17. Qf4 Qd7 18. Bf6 Bxf6 19. Qxf6+ Kg8 20. e4 Nc6 21. exd5
Nxb4 22. Be4 exd5 23. Bf3 Rae8 24. a3 Nc6 25. Nxd5 Re6 26. Qh4 Kg7 {(38)} 1-0

[Event "28th WSCC2018 - Open 50+"]
[Site "Bled"]
[Date "2018.11.23"]
[Round "6.50"]
[White "Warstad, Leif E"]
[Black "Fainman, Avi"]
[Result "1/2-1/2"]
[WhiteElo "1544"]
[BlackElo "1385"]
[PlyCount "87"]
[EventDate "2018.11.18"]

1. d4 d5 2. Nf3 Bf5 3. c4 e6 4. Nc3 Nf6 5. e3 c6 6. Be2 dxc4 7. Bxc4 Bd6 8. O-O
Qc7 9. h3 Nbd7 10. a4 O-O 11. Bd3 Bxd3 12. Qxd3 h6 13. Rd1 Rad8 14. Qe2 e5 15.
dxe5 Nxe5 16. e4 Nxf3+ 17. Qxf3 Bh2+ 18. Kf1 Rxd1+ 19. Qxd1 Rd8 20. Qf3 Be5 21.
g3 Bxc3 22. bxc3 Qe5 23. Bf4 Qxe4 24. Qxe4 Nxe4 25. c4 Nd2+ 26. Bxd2 Rxd2 27.
Rb1 b6 28. a5 Rc2 29. axb6 axb6 30. Rxb6 Rxc4 31. Rb8+ Kh7 32. h4 Kg6 33. Kg2
Rc3 34. Rc8 Kf6 35. g4 g5 36. h5 Rc4 37. Kg3 Rc3+ 38. f3 c5 39. Rc6+ Kg7 40.
Kf2 c4 41. Ke2 Rc2+ 42. Ke3 Rc3+ 43. Ke2 Rc2+ 44. Ke3 1/2-1/2